La escuela de Barnini

שמור ב:
מידע ביבליוגרפי
מחבר ראשי: Ivanoff, Nicola (Author)
פורמט: ספר
שפה:ספרדית
יצא לאור: Buenos Aires Viscontea 1980
מהדורה:1a. ed
סדרה:Los Grandes Escultores, 11
נושאים:
תגים: הוספת תג
אין תגיות, היה/י הראשונ/ה לתייג את הרשומה!

MARC

LEADER 00000cam a2200000 a 4500
001 UCV9751
003 CL-VaPUC
008 930423e19800000AG |||||||||||||||||spa|d
082 0 4 |a 730.92  |b IVA  |2 21 
100 0 |a Ivanoff, Nicola  |e author  |9 303776 
245 1 3 |a La escuela de Barnini 
250 |a 1a. ed 
300 |a 16 p 
942 |c BK 
945 |d 19930423 00:00:00 
260 |a Buenos Aires  |b Viscontea  |c 1980 
600 0 7 |a BERNINI, GIAN LORENZO  |2 CL-VaPUC  |9 267545 
650 7 |a ESCULTORES ITALIANOS  |2 CL-VaPUC  |9 268616 
583 |a last modification  |c 20140319 08:07:52  |k Rodrigo Vera 
490 0 |a Los Grandes Escultores, 11 
999 |c 215051  |d 215049 
952 |0 0  |1 0  |4 0  |6 730_920000000000000_IVA_1980  |7 0  |8 A  |9 198973  |a BIBARQ  |b BIBARQ  |d 2019-11-14  |i 2663074  |o 730.92 IVA 1980  |p 2663074  |r 2025-01-20  |w 2019-11-14  |y BK  |k ARQ 
952 |0 0  |1 0  |4 0  |6 730_920000000000000_IVA_1980  |7 0  |8 A  |9 198974  |a BIBARQ  |b BIBARQ  |d 2019-11-14  |i 4127862  |o 730.92 IVA 1980  |p 4127862  |r 2025-01-20  |w 2019-11-14  |y BK  |k ARQ 
952 |0 0  |1 0  |3 erb  |4 0  |6 730_920000000000000_IVA_1980  |7 0  |8 A  |9 198975  |a BIBART  |b BIBART  |i 5043964  |o 730.92 IVA 1980  |p 5043964  |r 2025-03-13  |w 2019-11-14  |y BK  |z Catalogado en:20140324  |k ART